000 00577nam a22002057a 4500
005 20260515114953.0
008 230909b ||||| |||| 00| 0 eng d
020 _a9789391527518
040 _aIN-DiNC
_cIN-DiNC
041 _dasm
082 _a954
_bNAT
100 _aNath, Bhrigumoni
_eauthor
245 _aBharatbarshar parichay (VAC)/
_cby Bhrigumoni Nath and Dipamjyoti Buragohain
250 _a1st ed.
260 _aJorhat:
_bBidya bhawan,
_c2023.
300 _a144p.
650 _aUnderstanding India
700 _aBuragohain, Dipamjyoti
_eauthor
942 _2ddc
_cBK
999 _c11611
_d11611